De la informacion a la opinion (Registro nro. 307726)
[ vista simple ]
| 000 -ENCABEZADO | |
|---|---|
| Número de control [NR] | 00929nam a2200253Mu 4500 |
| 005 - FECHA Y HORA DE LA ÚLTIMA TRANSACCIÓN | |
| control field | 20250710102846.0 |
| 008 - DE LONGITUD FIJA DE DATOS DE ELEMENTOS - INFORMACIÓN GENERAL | |
| Elementos de longitud fija [NR] | 171117s2005 ck r 000 0 spa d |
| 020 ## - NUMERO INTERNACIONAL NORMALIZADO PARA LIBROS [R] | |
| Número Internacional Normalizado del libro [NR] | 9789582008024 |
| 035 ## - NUMERO DE CONTROL DEL SISTEMA [R] | |
| Número de control del sistema [NR] | (OCoLC)991793632 |
| 040 ## - FUENTE DE CATALOGACION [NR] | |
| Agencia de catalogación original [NR] | CO-BoUCM |
| Idioma de catalogación [NR] | spa |
| Quien Cataloga | Sandra Palacio |
| Quien Clasifica | David Moreno (modificó) |
| 041 0# - CODIGO DE IDIOMA [R] | |
| Código de idioma para texto/pista de sonido o título separado [R] | Español |
| 100 1# - ASIENTO PRINCIPAL--NOMBRE PERSONAL [NR] | |
| Nombre personal [NR] | Donado Viloria, Donaldo Alfonso |
| ID Autoridad | 89155 |
| 245 10 - MENCION DE TITULO [NR] | |
| Título [NR] | De la informacion a la opinion |
| Parte restante del título [NR] | Los generos periodisticos |
| Mención de responsabilidad, etc. [NR] | Donaldo Alfonso Donado Viloria |
| 250 ## - MENCION DE EDICION [NR] | |
| Mención de edición [NR] | 1a.Ed |
| 260 ## - PUBLICACION, DISTRIBUCION, ETC. (PIE DE IMPRENTA) [R] | |
| Lugar de publicación, distribución, etc. [R] | Bogotá (Colombia) |
| Nombre del editor, distribuidor, etc. [R] | Cooperativa Editorial Magisterio |
| Fecha de publicación, distribución, etc. [R] | 2005 |
| 300 ## - DESCRIPCION FISICA [R] | |
| Extensión [R] | 223 Páginas |
| Otros detalles físicos [NR] | ilustraciones |
| 490 0# - MENCION DE SERIE [R] | |
| Mención de serie [R] | Colección palabra |
| 650 17 - ASIENTO SECUNDARIO DE MATERIA - TERMINO TEMATICO [R] | |
| Término temático o nombre geográfico como elemento de entrada [NR] | Periodismo como profesión |
| 9 (RLIN) | 21343 |
| 650 27 - ASIENTO SECUNDARIO DE MATERIA - TERMINO TEMATICO [R] | |
| Término temático o nombre geográfico como elemento de entrada [NR] | Periodismo investigativo |
| 9 (RLIN) | 21353 |
| 650 27 - ASIENTO SECUNDARIO DE MATERIA - TERMINO TEMATICO [R] | |
| Término temático o nombre geográfico como elemento de entrada [NR] | Periodismo de opinión |
| 9 (RLIN) | 7908 |
| 650 27 - ASIENTO SECUNDARIO DE MATERIA - TERMINO TEMATICO [R] | |
| Término temático o nombre geográfico como elemento de entrada [NR] | Periodismo |
| Subdivisión general [R] | Arte de escribir |
| 9 (RLIN) | 186042 |
| 942 ## - ELEMENTOS DE ENTRADA AGREGADOS (KOHA) | |
| Sistema de clasificación | DEWEY |
| Tipo de ítem principal el descrito en 300a | Libro |
| Tema principal | Comunicación |
| Edición | 1 |
| Clasificación | 070.4 |
| Parte restante de la signatura top. | D674in |
| Título oculto en OPAC | No |
| Total préstamos | Signatura topográfica | Código de barras | Última vez visto | Ejemplar | Costo de reposición | Price effective from | Tipo de ítem | Perdido | Sistema de clasificación | Dañado | No prestable | Tipo de ítem específico | Suprimido | Ubicación habitual | Ubicación actual | Localización | Fecha de creación | Proveedor | Forma de adquisición | Costo | Fecha de último préstamo | Total Renewals |
|---|---|---|---|---|---|---|---|---|---|---|---|---|---|---|---|---|---|---|---|---|---|---|
| 070.4 D674in | 100155492 | 05/12/2025 | Ej.1 | 39100.00 | 09/11/2017 | Libro de reserva | DEWEY | Libro de reserva | Claustro | Claustro | 2do piso | 09/11/2017 | 9 | Compra | 39100.00 | |||||||
| 3 | 070.4 D674in | 100155493 | 05/12/2025 | Ej.2 | 39100.00 | 09/11/2017 | Libro | DEWEY | Libro | Claustro | Claustro | 2do piso | 09/11/2017 | 9 | Compra | 39100.00 | 31/07/2019 | 2 | ||||
| 070.4 D674in | 100174097 | 05/12/2025 | Ej.3 | 10/07/2025 | Libro | DEWEY | Libro | Claustro | Claustro | 2do piso | 10/07/2025 | Compra | 145024.00 |